Writing reaction mechanisms in organic chemistry

This book presents a review and practice of the fundamental principles that are useful tools in the writing of the mechanisms for organic reactions: It gives a step-by-step account of the bond reorganizations take place in the course of the reaction; it includes reactions of Nucleophiles and Bases,...

Cur síos iomlán

Đã lưu trong:
Sonraí Bibleagrafaíochta
Príomhúdar: Audrey Miller
Formáid: Leabhar
Teanga:Undetermined
Foilsithe: San Diego, California Academic Press 1992
Ábhair:
Clibeanna: Cuir Clib Leis
Gan Chlibeanna, Bí ar an gcéad duine leis an taifead seo a chlibeáil!
Thư viện lưu trữ: Trung tâm Học liệu Trường Đại học Cần Thơ
LEADER 01085nam a2200205Ia 4500
001 CTU_22600
008 210402s9999 xx 000 0 und d
020 |b 141.5df 
082 |a 547.139 
082 |b M647 
100 |a Audrey Miller 
245 0 |a Writing reaction mechanisms in organic chemistry 
245 0 |c Audrey Miller 
260 |a San Diego, California 
260 |b Academic Press 
260 |c 1992 
520 |a This book presents a review and practice of the fundamental principles that are useful tools in the writing of the mechanisms for organic reactions: It gives a step-by-step account of the bond reorganizations take place in the course of the reaction; it includes reactions of Nucleophiles and Bases, reactions involving Acids and other Electrophile. The book also covers Radicals and radical anions. Finally, the book discusses electrocyclic transformations, cycloadditions, sigmatropic reactions and the ene reaction 
650 |a chemical reactions,chemistry, organic 
904 |i Minh, 980521 
980 |a Trung tâm Học liệu Trường Đại học Cần Thơ